000 00313 a2200133 4500
000 nam a22 7a 4500
100 _aSamita
110 _aSamita
245 _aBharat Me Mughal Samrajya
250 _aLatest edition
260 _bNisha publication
_c2024
264 _bNisha publication
_c2024
942 _cBK
999 _c394766
_d394766